000 00755nam a2200289Ia 4500
005 20260324113931.0
008 008 260324s9999 xx 000 0 eng d
020 _a9781003309901
037 _aEBOOK
040 _aCRL
040 _beng
040 _cCRL
041 _2eng
041 _aeng
084 _qCRL
100 _aAnna Brzozowska; Aleksander Pabian; Agnieszka Dziedzic; Wojciech Dyduch
_91148761
245 0 _aProject Management in Small and Medium-Sized Enterprises
245 2 _bA European Perspective
260 _bTaylor and Francis
260 _c2023
365 _a
365 _b210
856 _uhttp://www.taylorfrancis.com/books/9781003309901
942 _cEBOOK
999 _c1738674
_d1738674